[Event "ch-CHN w 2016"]
[Site "Xinghua CHN"]
[Date "2016.04.20"]
[Round "4.4"]
[White "Lei, Tingjie"]
[Black "Gu, Tianlu"]
[Result "1-0"]
[WhiteTitle "WGM"]
[BlackTitle "WIM"]
[WhiteElo "2504"]
[BlackElo "2255"]
[WhiteFideId "8605114"]
[BlackFideId "8603995"]
[EventDate "2016.04.17"]

1. c4 e6 2. g3 d5 3. Bg2 d4 4. Nf3 g6 5. b4 Bg7 6. Bb2 Ne7 7. d3 O-O 8. Nbd2 a5
9. a3 a4 10. O-O e5 11. Qc2 c5 12. Ne4 Nd7 13. e3 b6 14. Nd6 Ra7 15. Rfe1 Nb8
16. Nb5 Ra6 17. exd4 exd4 18. Bc1 Nbc6 19. bxc5 bxc5 20. Bf4 Na7 21. Rab1 Nf5
22. Nc7 Rc6 23. Nd5 Ra6 24. Bc7 Qd7 25. Nd2 Re6 26. Ne4 Rfe8 27. Red1 Rxe4 28.
Bxe4 Ne7 29. Nxe7+ Rxe7 30. Bb6 Rxe4 31. dxe4 Nc6 32. Qxa4 Qe6 33. Bxc5 h5 34.
Rb6 Bd7 35. Qc2 Qg4 36. Rxc6 Bxc6 37. Re1 Qf3 38. Qe2 Qb3 39. f3 d3 40. Qe3 Qc2
41. Bb4 Qxc4 42. Rc1 Qa6 43. Kg2 Bb5 44. Rc7 Qe6 45. Qd2 Kh7 46. Rc5 Ba6 47. Rd5
Bh6 48. Qb2 Bc8 49. Rxd3 Qh3+ 50. Kg1 Ba6 51. Rd1 Be3+ 52. Kh1 Bh6 53. Bc3 h4
54. Qb8 Bg7 55. Bxg7 Kxg7 56. Qe5+ Kh7 57. Qf6 hxg3 58. Qxf7+ 1-0

[Event "ch-CHN w 2016"]
[Site "Xinghua CHN"]
[Date "2016.04.20"]
[Round "4.5"]
[White "Yuan, Ye"]
[Black "Hong, Xing"]
[Result "1/2-1/2"]
[WhiteElo "2212"]
[BlackElo "1986"]
[WhiteFideId "8608415"]
[BlackFideId "8606129"]
[EventDate "2016.04.17"]

1. d4 Nf6 2. c4 e6 3. Nc3 d5 4. cxd5 Nxd5 5. e4 Nxc3 6. bxc3 c5 7. Nf3 cxd4 8.
cxd4 Bb4+ 9. Bd2 Bxd2+ 10. Qxd2 O-O 11. Bc4 Nc6 12. O-O b6 13. Rfd1 Na5 14. Bf1
Bb7 15. Qf4 Qf6 16. Qe3 Rfd8 17. Ne5 Rac8 18. Rac1 Rxc1 19. Rxc1 Rc8 20. Rxc8+
Bxc8 21. Qc3 Qd8 22. Bb5 Bb7 23. Bd3 f6 24. Nf3 Qc8 25. Qxc8+ Bxc8 26. Kf1 Kf7
27. Ke2 Ke7 28. Kd2 Nc6 29. Kc3 Kd6 30. h4 h6 31. Nd2 g5 32. h5 a6 33. Nc4+ Kc7
34. Ne3 Ne7 35. Ng4 Ng8 36. Bc4 b5 37. Bb3 a5 38. a3 f5 39. exf5 exf5 1/2-1/2

[Event "ch-CHN w 2016"]
[Site "Xinghua CHN"]
[Date "2016.04.20"]
[Round "4.6"]
[White "Wang, Jue"]
[Black "Wang, Doudou"]
[Result "1-0"]
[WhiteTitle "WGM"]
[BlackTitle "WIM"]
[WhiteElo "2380"]
[BlackElo "2234"]
[WhiteFideId "8604070"]
[BlackFideId "8603197"]
[EventDate "2016.04.17"]

1. e4 e5 2. Nf3 Nf6 3. Nxe5 d6 4. Nf3 Nxe4 5. d4 d5 6. Bd3 Nc6 7. O-O Be7 8. c4
Nb4 9. Be2 O-O 10. a3 Nc6 11. cxd5 Qxd5 12. Nc3 Nxc3 13. bxc3 Bg4 14. h3 Bxf3
15. Bxf3 Qd7 16. Rb1 Na5 17. Bxb7 Nxb7 18. Rxb7 Rfb8 19. Qb3 Qc8 20. Rxb8 Rxb8
21. Qa4 h6 22. Re1 Bd6 23. c4 Qf5 24. c5 Bf4 25. Bxf4 Qxf4 26. Re8+ Rxe8 27.
Qxe8+ Kh7 28. Qe3 Qf5 29. f3 Qb1+ 30. Kh2 f5 31. d5 Qb5 32. Qd4 a5 33. c6 a4 34.
d6 cxd6 35. Qxd6 Qb6 36. f4 h5 37. Qd5 Kh8 38. Qc4 Qc7 39. Qxa4 h4 40. Qc4 Kh7
41. Kh1 Kh6 42. Qe6+ g6 43. Qe5 Qc8 44. c7 1-0

[Event "ch-CHN w 2016"]
[Site "Xinghua CHN"]
[Date "2016.04.21"]
[Round "5.1"]
[White "Wang, Doudou"]
[Black "Zhai, Mo"]
[Result "1/2-1/2"]
[WhiteTitle "WIM"]
[BlackTitle "WGM"]
[WhiteElo "2234"]
[BlackElo "2371"]
[WhiteFideId "8603197"]
[BlackFideId "8600201"]
[EventDate "2016.04.17"]

1. d4 Nf6 2. c4 e6 3. Nf3 b6 4. g3 Bb4+ 5. Bd2 Be7 6. Bg2 c6 7. Nc3 d5 8. O-O
O-O 9. Bf4 Bb7 10. cxd5 cxd5 11. Ne5 Nbd7 12. Rc1 Nh5 13. Be3 Bd6 14. f4 a6 15.
Qb3 Nhf6 16. Na4 b5 17. Nc5 Bc8 18. Bf3 Nb6 19. Rfd1 Nc4 20. Bf2 Nd7 21. Qc3
Nxc5 22. dxc5 Bxe5 23. fxe5 Qc7 24. Bd4 Bb7 25. b3 Na5 26. Qe3 Nc6 27. Kg2 Rfc8
28. Qg5 Ne7 29. g4 Ng6 30. Kh1 Bc6 31. Qe3 a5 32. a3 Re8 33. Rf1 Rad8 34. Bg2 h6
35. Qg3 Qe7 36. e3 Qg5 37. Rc2 Rd7 38. Rcf2 Rb8 39. Bf3 Ra8 40. Kg1 Rb8 41. Be2
Ra8 42. Bd3 Rb8 43. Bc2 Rc8 44. Bd3 Rb8 1/2-1/2

[Event "ch-CHN w 2016"]
[Site "Xinghua CHN"]
[Date "2016.04.21"]
[Round "5.2"]
[White "Hong, Xing"]
[Black "Wang, Jue"]
[Result "0-1"]
[BlackTitle "WGM"]
[WhiteElo "1986"]
[BlackElo "2380"]
[WhiteFideId "8606129"]
[BlackFideId "8604070"]
[EventDate "2016.04.17"]

1. e4 c5 2. Nf3 Nc6 3. d4 cxd4 4. Nxd4 g6 5. Nc3 Bg7 6. Be3 Nf6 7. Nxc6 bxc6 8.
e5 Ng8 9. f4 Nh6 10. Qd2 O-O 11. O-O-O d6 12. exd6 exd6 13. Bd4 Bxd4 14. Qxd4
Nf5 15. Qd2 d5 16. g4 Nd6 17. f5 Re8 18. Bd3 Rb8 19. Rde1 Rxe1+ 20. Rxe1 Qb6 21.
Qf4 Qxb2+ 22. Kd2 Qb4 23. Qg5 Bxf5 24. Rb1 Ne4+ 25. Bxe4 Qd4+ 26. Bd3 Rxb1 27.
Nxb1 Bxd3 28. Qd8+ Kg7 29. cxd3 Qb2+ 30. Ke3 Qxb1 31. g5 Qb6+ 32. Qxb6 axb6 33.
Kd4 f6 34. h4 h6 0-1

[Event "ch-CHN w 2016"]
[Site "Xinghua CHN"]
[Date "2016.04.21"]
[Round "5.3"]
[White "Gu, Tianlu"]
[Black "Yuan, Ye"]
[Result "1/2-1/2"]
[WhiteTitle "WIM"]
[WhiteElo "2255"]
[BlackElo "2212"]
[WhiteFideId "8603995"]
[BlackFideId "8608415"]
[EventDate "2016.04.17"]

1. d4 Nf6 2. Bg5 g6 3. Bxf6 exf6 4. c4 f5 5. Nc3 Bg7 6. g3 d6 7. Bg2 Nd7 8. e3
Nf6 9. Nge2 c6 10. O-O O-O 11. b4 Re8 12. a4 Ne4 13. Qd3 Qe7 14. b5 Be6 15. Rfc1
d5 16. c5 Rac8 17. a5 Qd8 18. Rcb1 b6 19. cxb6 axb6 20. axb6 c5 21. b7 Rb8 22.
dxc5 Nxc5 23. Qd1 Rxb7 24. Nd4 Ne4 25. Nce2 Bd7 26. Qd3 g5 27. Ra2 Qb8 28. Rab2
Rb6 29. Nc3 Qb7 30. Na4 Rh6 31. Rc2 Qa7 32. Ra2 Qa5 33. b6 Bxa4 34. b7 Rb6 35.
Rxa4 Rxb1+ 36. Qxb1 Qxa4 37. b8=Q Rxb8 38. Qxb8+ Bf8 39. Bxe4 dxe4 40. Qe5 Bg7
41. Qb8+ Bf8 42. Qe5 Bg7 43. Qb8+ Bf8 1/2-1/2

[Event "ch-CHN w 2016"]
[Site "Xinghua CHN"]
[Date "2016.04.21"]
[Round "5.4"]
[White "Zhang, Xiaowen"]
[Black "Lei, Tingjie"]
[Result "1-0"]
[WhiteTitle "WGM"]
[BlackTitle "WGM"]
[WhiteElo "2374"]
[BlackElo "2504"]
[WhiteFideId "8603219"]
[BlackFideId "8605114"]
[EventDate "2016.04.17"]

1. e4 e5 2. Nf3 Nf6 3. Nxe5 d6 4. Nf3 Nxe4 5. Nc3 Nxc3 6. dxc3 Be7 7. Be3 Nd7 8.
Qd2 O-O 9. O-O-O c6 10. h4 Nf6 11. Bd3 d5 12. Ng5 b5 13. Bd4 h6 14. g4 hxg5 15.
hxg5 Ne4 16. f4 Bxg4 17. Bxe4 f5 18. gxf6 Bxf6 19. Bg6 Bxd1 20. Qxd1 Re8 21.
Rh8+ Kxh8 22. Qh5+ Kg8 23. Qh7+ 1-0

[Event "ch-CHN w 2016"]
[Site "Xinghua CHN"]
[Date "2016.04.21"]
[Round "5.5"]
[White "Guo, Qi"]
[Black "Zhu, Jiner"]
[Result "1-0"]
[WhiteTitle "IM"]
[WhiteElo "2436"]
[BlackElo "2095"]
[WhiteFideId "8604002"]
[BlackFideId "8608059"]
[EventDate "2016.04.17"]

1. d4 Nf6 2. Nf3 e6 3. c4 d5 4. Nc3 Bb4 5. cxd5 exd5 6. Bg5 Nbd7 7. Qc2 c5 8. g3
h6 9. Bf4 O-O 10. Bg2 c4 11. O-O Bxc3 12. bxc3 Ne4 13. Nd2 Nxd2 14. Bxd2 Nf6 15.
f3 Be6 16. e4 Ne8 17. Qb2 Qd7 18. Rab1 b6 19. Qb5 Qxb5 20. Rxb5 Nc7 21. Rb2 f5
22. Bf4 Rac8 23. exf5 Bxf5 24. Bxc7 Rxc7 25. Re1 Bd7 26. f4 Bc6 27. Re6 Rd8 28.
f5 Kf8 29. Rbe2 b5 30. a3 a5 31. f6 g6 32. Bh3 Re8 33. R6e5 Kf7 34. Rxe8 Bxe8
35. Be6+ Kxf6 36. Bxd5 Bd7 37. Rf2+ Ke7 38. Be4 g5 39. Kf1 Bg4 40. Rb2 Bd7 41.
Kf2 Kd6 42. Ke3 Rc8 43. Rf2 Re8 44. d5 Kc5 45. Rf7 Rd8 46. Rh7 b4 47. axb4+ axb4
48. cxb4+ Kxb4 49. Kd4 c3 50. Rxh6 Rc8 51. Rb6+ Bb5 52. Bc2 Rc4+ 53. Ke5 Ka5 54.
Rb7 Ba4 55. Ra7+ Kb5 56. Bxa4+ Rxa4 57. Rb7+ Kc4 58. Rc7+ Kd3 59. d6 g4 60. d7
Rd4 61. Ke6 c2 62. Rc8 Re4+ 63. Kf5 1-0

[Event "ch-CHN w 2016"]
[Site "Xinghua CHN"]
[Date "2016.04.21"]
[Round "5.6"]
[White "Tan, Zhongyi"]
[Black "Xiao, Yiyi"]
[Result "1-0"]
[WhiteTitle "WGM"]
[BlackTitle "WFM"]
[WhiteElo "2518"]
[BlackElo "2222"]
[WhiteFideId "8603642"]
[BlackFideId "8606161"]
[EventDate "2016.04.17"]

1. d4 Nf6 2. c4 e6 3. Nc3 Bb4 4. Nf3 O-O 5. Bg5 c5 6. e3 h6 7. Bh4 d5 8. cxd5
exd5 9. Be2 Bxc3+ 10. bxc3 Nbd7 11. O-O c4 12. Nd2 Qe7 13. e4 g5 14. Bg3 Nxe4
15. Nxe4 Qxe4 16. Bf3 Qf5 17. Re1 Nf6 18. Re5 Qg6 19. Bxd5 Nxd5 20. Rxd5 Be6 21.
Re5 Rfe8 22. Qe2 Qd3 23. Qh5 Kg7 24. Rae1 f6 25. R5e3 Bf7 26. Qf3 Rxe3 27. fxe3
Re8 28. e4 Bg6 29. Rf1 Rf8 30. Bd6 Rf7 31. Re1 Rd7 32. Bb4 Qxf3 33. gxf3 Kf7 34.
Kf2 b6 35. Ke3 f5 36. d5 g4 37. Kd4 gxf3 38. e5 Rd8 39. Bd6 Bh5 40. e6+ Kf6 41.
Bg3 Rc8 42. Bh4+ Kg7 43. d6 f2 44. Bxf2 Rc6 45. Ke5 1-0

[Event "ch-CHN w 2016"]
[Site "Xinghua CHN"]
[Date "2016.04.22"]
[Round "6.1"]
[White "Zhai, Mo"]
[Black "Xiao, Yiyi"]
[Result "0-1"]
[WhiteTitle "WGM"]
[BlackTitle "WFM"]
[WhiteElo "2371"]
[BlackElo "2222"]
[WhiteFideId "8600201"]
[BlackFideId "8606161"]
[EventDate "2016.04.17"]

1. Nf3 Nf6 2. c4 e6 3. e3 b6 4. b3 Bb7 5. Bb2 Be7 6. Be2 O-O 7. O-O d5 8. Nc3
Nbd7 9. Rc1 a6 10. cxd5 exd5 11. Bd3 Re8 12. Ne2 Ne4 13. Bb1 Bd6 14. Ng3 g6 15.
Qc2 Rc8 16. d3 Nxg3 17. hxg3 Ne5 18. Nh2 c5 19. f4 Nd7 20. Ng4 f6 21. Rce1 Bf8
22. Kf2 Bg7 23. Rh1 h5 24. Nh2 f5 25. Nf3 c4 26. bxc4 dxc4 27. dxc4 Be4 28. Qd2
Bxb2 29. Bxe4 fxe4 30. Qd5+ Kg7 31. Rd1 Nf6 32. Qxd8 Rexd8 33. Rxd8 Rxd8 34. Rb1
Bc3 35. Rxb6 Ng4+ 36. Ke2 exf3+ 37. Kxf3 Rd3 38. Ke4 Rxe3+ 39. Kd5 Nf6+ 40. Kd6
Rd3+ 41. Kc6 a5 42. c5 Bb4 43. Rb7+ Kh6 44. Kb5 Rd5 0-1

[Event "ch-CHN w 2016"]
[Site "Xinghua CHN"]
[Date "2016.04.22"]
[Round "6.2"]
[White "Zhu, Jiner"]
[Black "Tan, Zhongyi"]
[Result "1/2-1/2"]
[BlackTitle "WGM"]
[WhiteElo "2095"]
[BlackElo "2518"]
[WhiteFideId "8608059"]
[BlackFideId "8603642"]
[EventDate "2016.04.17"]

1. e4 d6 2. d4 Nf6 3. Nc3 g6 4. Nf3 Bg7 5. Be2 a6 6. a4 O-O 7. O-O Nc6 8. h3 e5
9. Be3 exd4 10. Nxd4 Re8 11. Bf3 Ne5 12. Be2 Ned7 13. Bd3 Nc5 14. Qf3 Nxd3 15.
cxd3 Bd7 16. Nb3 c5 17. a5 b5 18. axb6 Qxb6 19. Bg5 Nh5 20. Nd2 Be6 21. Rab1 h6
22. Be3 Qb4 23. Nd5 Bxd5 24. exd5 Qb8 25. Nc4 Qd8 26. b4 cxb4 27. Rxb4 Nf6 28.
Rb6 Bf8 29. Bd4 Nh7 30. Ra1 a5 31. Rxa5 Rxa5 32. Nxa5 Bg7 33. Be3 Ng5 34. Qf4
Qa8 35. Nc4 Qa1+ 36. Kh2 Qd1 37. h4 Nh7 38. Qxd6 Nf6 39. Rb8 Rxb8 40. Qxb8+ Kh7
41. Ne5 Qh5 42. Nf3 g5 43. Kg1 g4 44. Nd4 Nxd5 45. g3 Qg6 46. Qc8 Nxe3 47. fxe3
Qxd3 48. Qf5+ Qxf5 49. Nxf5 Kg6 50. Nxg7 Kxg7 51. e4 Kf6 52. Kf2 Ke5 1/2-1/2

[Event "ch-CHN w 2016"]
[Site "Xinghua CHN"]
[Date "2016.04.22"]
[Round "6.3"]
[White "Lei, Tingjie"]
[Black "Guo, Qi"]
[Result "1/2-1/2"]
[WhiteTitle "WGM"]
[BlackTitle "IM"]
[WhiteElo "2504"]
[BlackElo "2436"]
[WhiteFideId "8605114"]
[BlackFideId "8604002"]
[EventDate "2016.04.17"]

1. c4 e6 2. Nf3 d5 3. e3 Nf6 4. b3 c5 5. cxd5 exd5 6. Bb2 Nc6 7. Bb5 Bd6 8. O-O
O-O 9. d4 Bg4 10. dxc5 Bxc5 11. Nc3 a6 12. Be2 Re8 13. Rc1 Ba7 14. Nd4 Bxd4 15.
Bxg4 Be5 16. Bf3 Qd6 17. g3 Rad8 18. Bg2 d4 19. exd4 Bxd4 20. Rc2 Ba7 21. Qxd6
Rxd6 22. Ba3 Rde6 23. Bh3 Nd4 24. Rcc1 Ne2+ 25. Nxe2 Rxe2 26. Rc7 Rxa2 27. Rxb7
Rxa3 28. Rxa7 Rxb3 29. Rxa6 Rb7 30. Rfa1 h5 31. Bf1 Rbe7 32. Bc4 Re1+ 33. Rxe1
Rxe1+ 34. Kg2 Re7 35. Ra8+ Re8 36. Ra7 Rf8 37. h4 g6 38. Kf3 Ng4 39. Bd5 Kg7 40.
Kg2 Kf6 41. Ba2 Nh6 42. f3 Re8 43. Kh3 Re7 44. Rxe7 Kxe7 45. g4 hxg4+ 46. fxg4
f5 47. gxf5 Nxf5 48. Bb1 Nxh4 49. Kxh4 1/2-1/2

[Event "ch-CHN w 2016"]
[Site "Xinghua CHN"]
[Date "2016.04.22"]
[Round "6.4"]
[White "Yuan, Ye"]
[Black "Zhang, Xiaowen"]
[Result "0-1"]
[BlackTitle "WGM"]
[WhiteElo "2212"]
[BlackElo "2374"]
[WhiteFideId "8608415"]
[BlackFideId "8603219"]
[EventDate "2016.04.17"]

1. d4 Nf6 2. c4 e6 3. g3 d5 4. Nf3 dxc4 5. Bg2 c5 6. O-O Nc6 7. dxc5 Qxd1 8.
Rxd1 Bxc5 9. Nbd2 c3 10. bxc3 O-O 11. Nb3 Be7 12. c4 Bd7 13. Bb2 Rfd8 14. Rac1
Rac8 15. Nfd4 Nxd4 16. Nxd4 b6 17. Nb3 Ba4 18. Rxd8+ Rxd8 19. e3 Bxb3 20. axb3
Rd3 21. Bxf6 gxf6 22. Rb1 a5 23. Kf1 Bb4 24. Bf3 h6 25. Be2 Rc3 26. Bd1 f5 27.
h3 Kg7 28. Bf3 Kf6 29. Bc6 Rd3 30. Ba4 e5 31. g4 f4 32. Ke2 Rd2+ 33. Kf3 Bc5 34.
Rf1 Bd6 35. h4 Ke6 36. exf4 exf4 37. Re1+ Be5 38. g5 hxg5 39. hxg5 Kf5 40. Be8
Bd4 41. Rf1 Rd3+ 42. Kg2 Kxg5 43. Bxf7 Kf6 44. Bg8 Rxb3 45. c5 Rb5 46. Kf3 Bxc5
47. Kxf4 Rb4+ 48. Kg3 a4 49. Ra1 b5 50. Rc1 Bd6+ 51. Kf3 Rf4+ 52. Ke2 Ke5 53.
Rc6 b4 54. Ra6 b3 55. Ra5+ Kf6 56. Kd3 Rb4 57. Kc3 b2 58. Ba2 b1=Q 59. Bxb1 Rxb1
60. Rxa4 Rf1 61. Ra6 Ke6 62. Ra2 Bc5 63. Kd3 Kd5 64. Rd2 Ke5 65. Ra2 Kf4 66.
Ra4+ Kf3 67. Ra6 Bxf2 68. Rf6+ Kg2 69. Rg6+ Bg3 70. Ke4 Re1+ 71. Kd5 Kf3 72. Kc6
Rd1 73. Re6 Kg4 74. Rf6 Kg5 75. Rf8 Be5 76. Rf2 Bf4 77. Rg2+ Kf5 78. Rg8 Be5 79.
Rf8+ Ke4 80. Re8 Rc1+ 81. Kb7 Kd5 82. Rg8 Rb1+ 83. Ka8 Kc6 84. Rg6+ Bd6 85. Rg7
Rb8+ 86. Ka7 Re8 87. Rg6 Re3 0-1

[Event "ch-CHN w 2016"]
[Site "Xinghua CHN"]
[Date "2016.04.22"]
[Round "6.5"]
[White "Wang, Jue"]
[Black "Gu, Tianlu"]
[Result "1/2-1/2"]
[WhiteTitle "WGM"]
[BlackTitle "WIM"]
[WhiteElo "2380"]
[BlackElo "2255"]
[WhiteFideId "8604070"]
[BlackFideId "8603995"]
[EventDate "2016.04.17"]

1. e4 e5 2. Nf3 Nc6 3. Bb5 a6 4. Ba4 Nf6 5. d3 b5 6. Bb3 Bc5 7. Nc3 d6 8. Nd5 h6
9. a4 Rb8 10. axb5 axb5 11. O-O Be6 12. c3 Bb6 13. Re1 O-O 14. h3 Na5 15. Ba2 c5
16. Nxb6 Qxb6 17. Bxe6 fxe6 18. Be3 Qc7 19. b4 cxb4 20. cxb4 Nc6 21. Qb3 d5 22.
Rec1 Qb7 23. Nxe5 Rbc8 24. Nxc6 Rxc6 25. Bc5 Rf7 26. Re1 dxe4 27. dxe4 Nxe4 28.
Rxe4 Rxc5 29. Rxe6 Rg5 30. Re8+ Kh7 31. Qd3+ Rff5 32. Qe4 Qxe4 33. Rxe4 Rf7 34.
Rd1 Ra7 35. Rd2 Ra4 36. f3 Ra3 37. Kf2 Rb3 38. g4 Rg6 39. Rd5 Rf6 40. Rf5 Rxf5
41. gxf5 Kg8 42. Kg3 Kf7 43. Kf4 Kf6 44. Rd4 Rb1 45. h4 Rh1 46. Rd6+ Kf7 47. Ke5
Rxh4 48. f4 Rh1 49. Rd7+ Kg8 50. f6 gxf6+ 51. Kxf6 h5 52. Kg6 Kf8 53. Rf7+ Ke8
54. Rf5 h4 55. Rxb5 h3 56. Re5+ Kf8 57. Rf5+ Ke7 58. Re5+ Kf8 59. Rh5 h2 60. Kf6
Kg8 61. Rg5+ Kf8 62. Rh5 Kg8 63. f5 Rb1 64. Rxh2 Rxb4 65. Re2 Kf8 66. Re6 Rb7
67. Rd6 Rf7+ 68. Kg5 Rg7+ 69. Kf6 Rf7+ 70. Ke5 Re7+ 71. Kf4 Rf7 72. Ra6 Rb7 73.
Kg5 Rg7+ 74. Kh6 Rb7 75. Rf6+ Kg8 76. Rg6+ Kf8 77. Kg5 Ra7 78. Rf6+ Kg8 79. Rc6
Kf7 80. Rc8 Ra6 81. Rh8 Kg7 82. Rb8 Kf7 83. Rb7+ Kf8 84. Rb3 Kf7 85. Rc3 Rb6 86.
Rc7+ Kf8 87. Rc8+ Kf7 88. Rc7+ Kf8 89. Kf4 Ra6 90. Kg5 Rb6 91. Rd7 Ra6 92. Kf4
Rb6 93. Ke5 Rb5+ 94. Ke6 Rb6+ 95. Ke5 Rb5+ 96. Kf6 Rb6+ 97. Kg5 Ra6 98. Rd1 Kf7
99. Rd7+ Kf8 100. f6 Ra1 101. Rd4 Rg1+ 102. Kf5 Rf1+ 103. Ke5 Re1+ 104. Re4
Rxe4+ 105. Kxe4 Kf7 106. Kf5 Kf8 107. Ke6 Ke8 108. f7+ Kf8 109. Kf6 1/2-1/2

[Event "ch-CHN w 2016"]
[Site "Xinghua CHN"]
[Date "2016.04.22"]
[Round "6.6"]
[White "Wang, Doudou"]
[Black "Hong, Xing"]
[Result "1-0"]
[WhiteTitle "WIM"]
[WhiteElo "2234"]
[BlackElo "1986"]
[WhiteFideId "8603197"]
[BlackFideId "8606129"]
[EventDate "2016.04.17"]

1. d4 Nf6 2. Nf3 e6 3. c4 d5 4. Nc3 c5 5. e3 Nc6 6. cxd5 exd5 7. Be2 Be7 8. O-O
O-O 9. b3 Re8 10. Bb2 Bg4 11. Na4 Ne4 12. dxc5 Nxc5 13. Nxc5 Bxc5 14. Qc2 Qe7
15. h3 Bh5 16. Rad1 Rad8 17. Nd4 Bg6 18. Nxc6 Bxc2 19. Nxe7+ Bxe7 20. Rc1 Rc8
21. Bf3 Red8 22. g3 Bb4 23. Kg2 Bd2 24. Ra1 f6 25. Bd4 a6 26. g4 Kf7 27. h4 Rc6
28. Kg3 h6 29. Rh1 Be4 30. Rhd1 Rc2 31. Rh1 Rdc8 32. g5 Bxf3 33. Kxf3 Bc3 34.
Rad1 Ke6 35. gxh6 gxh6 36. a4 Rb2 37. Rd3 Rxb3 38. a5 Rc7 39. Rg1 Kf5 40. h5 Ra3
41. Rg6 Rc6 42. Rg7 Bb4 43. Rxa3 Bxa3 44. Rxb7 Bc5 45. Rd7 Ke6 46. Rh7 Bxd4 47.
exd4 Rc3+ 48. Ke2 Ra3 49. Rxh6 Rxa5 50. Rh8 Ra1 51. Kf3 Kf5 52. Rd8 Ra3+ 53. Kg2
Ra5 54. Rg8 Rb5 55. h6 Rb7 56. Rg7 Rb8 57. h7 Rh8 58. Kg3 a5 59. Kh4 a4 60. Kh5
Ke4 61. Kg6 Kxd4 62. Ra7 Kc3 63. Rxa4 d4 64. Kg7 Rd8 65. h8=Q Rxh8 66. Kxh8 d3
67. Kg7 d2 68. Ra1 Kb2 69. Rh1 1-0

[Event "ch-CHN w 2016"]
[Site "Xinghua CHN"]
[Date "2016.04.24"]
[Round "7.1"]
[White "Hong, Xing"]
[Black "Zhai, Mo"]
[Result "0-1"]
[BlackTitle "WGM"]
[WhiteElo "1986"]
[BlackElo "2371"]
[WhiteFideId "8606129"]
[BlackFideId "8600201"]
[EventDate "2016.04.17"]

1. e4 e5 2. Nf3 Nc6 3. Nc3 Nf6 4. d4 exd4 5. Nxd4 Bb4 6. Nxc6 bxc6 7. Bd3 O-O 8.
O-O Re8 9. Bg5 h6 10. Bh4 d5 11. exd5 g5 12. Bg3 cxd5 13. Nb5 Ba5 14. Nd4 Bd7
15. Nf5 Bxf5 16. Bxf5 Ne4 17. Qd3 c6 18. Rad1 Qf6 19. Bg4 Qxb2 20. Bd7 Nc5 21.
Qf5 Nxd7 22. Qxd7 Qf6 23. f4 Qe6 24. Qb7 Bb6+ 25. Kh1 Qc8 26. Qxc8 Raxc8 27.
fxg5 hxg5 28. Rf5 Be3 29. Rdf1 Re7 30. Be5 Rce8 31. Bf6 Re6 32. h4 Kh7 33. hxg5
Kg6 34. R5f3 Bc5 35. Rh3 Bf8 36. Bd4 Re1 37. Kg1 c5 38. Bf6 c4 39. Bd4 a6 40.
Rf3 Rxf1+ 41. Kxf1 Re6 42. Bf6 Bd6 43. Kf2 Re4 44. Bd8 Rf4 45. Ke3 d4+ 46. Ke2
Kf5 47. Rh3 Re4+ 48. Kd1 Bb4 49. Rh1 Kg4 50. Bf6 Kg3 51. Kc1 Kxg2 52. Rh7 Bc3 0-1

[Event "ch-CHN w 2016"]
[Site "Xinghua CHN"]
[Date "2016.04.24"]
[Round "7.2"]
[White "Gu, Tianlu"]
[Black "Wang, Doudou"]
[Result "1-0"]
[WhiteTitle "WIM"]
[BlackTitle "WIM"]
[WhiteElo "2255"]
[BlackElo "2234"]
[WhiteFideId "8603995"]
[BlackFideId "8603197"]
[EventDate "2016.04.17"]

1. d4 d5 2. c4 c6 3. Nc3 Nf6 4. e3 e6 5. b3 Nbd7 6. Bb2 Bd6 7. Bd3 e5 8. cxd5
Nxd5 9. Nxd5 cxd5 10. dxe5 Qa5+ 11. Kf1 Bxe5 12. Bxe5 Nxe5 13. Be2 O-O 14. Nf3
Nxf3 15. Bxf3 Rd8 16. Qd4 Be6 17. g4 Rac8 18. Kg2 Rc2 19. Rhd1 Rxa2 20. b4 Qa4
21. Rxa2 Qxa2 22. e4 Qa6 23. exd5 Bd7 24. Ra1 Qb6 25. Qxb6 axb6 26. Rc1 Rc8 27.
Rxc8+ Bxc8 28. g5 Kf8 29. d6 Ke8 30. Kg3 Be6 31. Kf4 f6 32. gxf6 gxf6 33. Be4 h6
34. Bf5 Bf7 35. Bg4 Bg6 36. Be6 Kd8 37. Kg4 Ke8 38. f3 Kd8 39. f4 b5 40. h3 b6
41. f5 Be8 42. Kh4 Bc6 43. Kh5 Bg2 44. h4 1-0

[Event "ch-CHN w 2016"]
[Site "Xinghua CHN"]
[Date "2016.04.24"]
[Round "7.3"]
[White "Zhang, Xiaowen"]
[Black "Wang, Jue"]
[Result "1-0"]
[WhiteTitle "WGM"]
[BlackTitle "WGM"]
[WhiteElo "2374"]
[BlackElo "2380"]
[WhiteFideId "8603219"]
[BlackFideId "8604070"]
[EventDate "2016.04.17"]

1. e4 c5 2. Nf3 d6 3. Bb5+ Nd7 4. c3 Nf6 5. Qe2 a6 6. Ba4 b5 7. Bc2 e5 8. O-O
Be7 9. d4 O-O 10. d5 Ne8 11. a4 Rb8 12. axb5 axb5 13. b4 c4 14. Ra5 Nc7 15. Na3
Nf6 16. h3 Nfe8 17. Be3 g6 18. Nh2 f5 19. f3 Nf6 20. g4 f4 21. Ba7 Rb7 22. Ra1
Bd7 23. Kf2 Ncxd5 24. Nxb5 Ne3 25. Ba4 d5 26. Bxe3 fxe3+ 27. Kg1 dxe4 28. Qxc4+
Kg7 29. g5 exf3 30. Nxf3 Qb6 31. gxf6+ Rxf6 32. Nxe5 Bxh3 33. Nd4 Rc7 34. Bc6 e2
35. Qxe2 Rc8 36. Nd7 Bxd7 37. Qxe7+ Rf7 38. Qe5+ Kh6 39. R5a2 Bf5 40. Qe3+ 1-0

[Event "ch-CHN w 2016"]
[Site "Xinghua CHN"]
[Date "2016.04.24"]
[Round "7.4"]
[White "Guo, Qi"]
[Black "Yuan, Ye"]
[Result "1-0"]
[WhiteTitle "IM"]
[WhiteElo "2436"]
[BlackElo "2212"]
[WhiteFideId "8604002"]
[BlackFideId "8608415"]
[EventDate "2016.04.17"]

1. c4 c5 2. Nc3 Nc6 3. g3 g6 4. Bg2 Bg7 5. e3 e6 6. Nge2 Nge7 7. O-O O-O 8. d4
cxd4 9. exd4 d5 10. cxd5 Nxd5 11. Qb3 Nxd4 12. Nxd4 Bxd4 13. Bh6 Bg7 14. Bxg7
Kxg7 15. Bxd5 exd5 16. Nxd5 Qa5 17. Qf3 Bf5 18. b4 Qd8 19. Rfd1 Qg5 20. h4 Qg4
21. Qc3+ Kh6 22. Rd4 Qe2 23. Re1 Qxa2 24. Rd2 Qa4 25. g4 1-0

[Event "ch-CHN w 2016"]
[Site "Xinghua CHN"]
[Date "2016.04.24"]
[Round "7.5"]
[White "Tan, Zhongyi"]
[Black "Lei, Tingjie"]
[Result "1/2-1/2"]
[WhiteTitle "WGM"]
[BlackTitle "WGM"]
[WhiteElo "2518"]
[BlackElo "2504"]
[WhiteFideId "8603642"]
[BlackFideId "8605114"]
[EventDate "2016.04.17"]

1. c4 Nf6 2. Nc3 c5 3. g3 g6 4. Bg2 Bg7 5. Nf3 Nc6 6. d4 cxd4 7. Nxd4 O-O 8. O-O
Qa5 9. Nb3 Qh5 10. e4 d6 11. f3 Ne5 12. Qe2 Bd7 13. Bf4 Rac8 14. Nd2 Nc6 15. Be3
Qa5 16. a3 Qa6 17. Rfc1 Be6 18. Bf1 b6 19. Nd5 Qb7 20. Rab1 Rfe8 21. h3 Bd7 22.
Qf2 e6 23. Nc3 d5 24. cxd5 exd5 25. exd5 Ne7 26. Nde4 Nf5 27. Rd1 Nxe4 28. fxe4
Nxe3 29. Qxe3 Be5 30. Bg2 Qb8 31. Rd3 f5 32. d6 Bxd6 33. Qd2 Bc5+ 34. Kh2 Be6
35. Re1 Bf8 36. e5 Bg7 37. Rd6 Kh8 38. Bc6 Rxc6 39. Rxc6 Bxe5 40. Ne2 Rd8 41.
Qe3 Bd5 42. Rd1 Re8 43. Rc2 Bf6 44. Qh6 Bg7 45. Qf4 Bb3 46. Qxb8 Rxb8 47. Rdd2
Bxc2 48. Rxc2 Be5 49. Nf4 Rd8 50. Re2 Bf6 51. h4 Kg8 52. Rc2 Be5 53. Re2 Bf6 54.
Rc2 Be5 55. Re2 Bxf4 56. gxf4 Rd3 57. Re8+ Kf7 58. Ra8 a5 59. Ra7+ Kg8 60. h5
gxh5 61. b4 axb4 62. axb4 Rb3 63. Rb7 Rxb4 64. Kg3 b5 65. Kh4 Rb1 66. Kxh5 b4
67. Kg5 Kf8 68. Rxh7 b3 69. Rb7 Ke8 70. Kxf5 Kd8 71. Kf6 Kc8 72. Rb4 Kd7 73. f5
Kd6 74. Kf7 Kc5 75. Rb8 Kc4 76. f6 Kd5 1/2-1/2